000 00382nam a22001697a 4500
003 MPLRDC
005 20220104143207.0
008 210129b ||||| |||| 00| 0 eng d
082 _a177 QRS c.2
100 _a丘若瑟著
245 _a成功者与众不同
_c
250 _a再版
260 _a
_b立人企业
_c1991
300 _b
650 _a
942 _cBK
_o177 QRS c.2
999 _c37530
_d37520